Las modernas técnicas de control de gestión (Registro nro. 36431)
[ vista simple ]
| 000 -LEADER | |
|---|---|
| fixed length control field | 01497 a2200217 4500 |
| 001 - CONTROL NUMBER | |
| control field | 63953 |
| 005 - DATE AND TIME OF LATEST TRANSACTION | |
| control field | 20260521160827.0 |
| 008 - FIXED-LENGTH DATA ELEMENTS--GENERAL INFORMATION | |
| fixed length control field | 260521a1967 arg spa d |
| 003 - CONTROL NUMBER IDENTIFIER | |
| control field | AR-UNSa-BCEJYS |
| 040 ## - CATALOGING SOURCE | |
| Original cataloging agency | AR-UNSa-BCEJYS |
| Language of cataloging | spa |
| Transcribing agency | AR-UNSa-BCEJYS |
| 080 ## - UNIVERSAL DECIMAL CLASSIFICATION NUMBER | |
| Universal Decimal Classification number | 658.5.012.7 |
| Common auxiliary subdivision | Control de la producción |
| 041 ## - LANGUAGE CODE | |
| Language code of text/sound track or separate title | spa |
| 100 1# - MAIN ENTRY--PERSONAL NAME | |
| Personal name | Instituto de Estudios Económicos y Organizativos (ISEO) |
| 245 10 - TITLE STATEMENT | |
| Title | Las modernas técnicas de control de gestión |
| 264 #1 - PRODUCTION, PUBLICATION, DISTRIBUTION, MANUFACTURE, AND COPYRIGHT NOTICE | |
| Place of production, publication, distribution, manufacture | Bilbao : |
| Name of producer, publisher, distributor, manufacturer | Ediciones Deusto |
| Date of production, publication, distribution, manufacture, or copyright notice | 1967 |
| 300 ## - PHYSICAL DESCRIPTION | |
| Extent | 344 p. |
| Dimensions | 21 cm. |
| 505 ## - FORMATTED CONTENTS NOTE | |
| Formatted contents note | 1. Las finalidades del control de gestión - 2. Principios y métodos del control de gestión - 3. Los instrumentos del control de gestión - 4. La organización de la empresa en función del control de gestión - 5. La implantación de la contabilidad en función del control de gestión - 6. Un sistema de índices empresariales y su utilización para los fines de la empresa - 7. Un caso práctico de aplicación de los principios y técnicas del control de gestión en una pequeña empresa - 8. Caso práctico de aplicación de los principios y técnicas del control de gestión en una pequeña empresa de tipo medio, con especial atención a los presupuestos de ventas, producción y existencias - 9. Presupuestos de inversiones y presupuestos financieros - 10. Técnicas modernas para la previsión, el control y el análisis de las desviaciones - |
| 590 ## - LOCAL NOTE (RLIN) | |
| Local note | niveau_biblio:m niveau_hierar:0 |
| 700 1# - ADDED ENTRY--PERSONAL NAME | |
| Personal name | San Juan, Gregorio |
| 942 ## - ADDED ENTRY ELEMENTS (KOHA) | |
| Koha item type | |
| Withdrawn status | Lost status | Damaged status | Not for loan | Home library | Current library | Shelving location | Date acquired | Total checkouts | Full call number | Barcode | Date last seen | Price effective from | Koha item type |
|---|---|---|---|---|---|---|---|---|---|---|---|---|---|
| Biblioteca Prof. Eusebio Cleto del Rey | Biblioteca Prof. Eusebio Cleto del Rey | 21/05/2026 | 658.5.012.7 I59 | L21939 | 21/05/2026 | 21/05/2026 | Libro |